Complete the Titles of Songs by Madonna (1990s) - Statistics

General Stats
  • This quiz has been taken 59 times
  • The average score is 11 of 15
Answer Stats
Answer % Correct
Rescue {Me}
100%
You Must Love {Me}
100%
Don’t Cry For Me {Argentina}
96%
Justify My {Love}
96%
Deeper and {Deeper}
92%
Love Don’t Live Here {Anymore}
90%
Ray of {Light}
88%
Hanky {Panky}
82%
Take A {Bow}
80%
Beautiful {Stranger}
62%
This Used To Be My {Playground}
60%
The Power of {Good-Bye}
54%
You’ll {See}
42%
I’ll {Remember}
34%
Keep It {Together}
32%
No matching quizzes found
Score Distribution
Percent of People with Each Score
Percentile by Number Answered
Your Score History
You have not taken this quiz